000 00378nam a22001577a 4500
005 20160625130148.0
008 160625b xxu||||| |||| 00| 0 eng d
020 _a81-229-0178-6
041 _aeng
082 _b10214
100 _aMoen, Daryler R
_92783
245 _aNews Paper Layont & Design
260 _bsurjeet
_c2004
650 _aMass Communication
_92660
942 _cBK
999 _c4022
_d4021